Music Quiz

Random Music or Rock Quiz

20 Famous Guitar Players Quiz Stats

 Plays Quiz Updated Oct 12, 2016

Challenge
Share
Tweet
Score 0/20 Timer 06:00
4 Plays Today
Num. Guitar player % Correct
Jimi Hendrix
98.5%
Slash
91%
Prince
90.5%
George Harrison
88.6%
Eric Clapton
87.3%
B.B. King
80.3%
Carlos Santana
79.7%
Keith Richards
78.3%
Chuck Berry
74.5%
Jimmy Page
71.2%
Num. Guitar player % Correct
The Edge
71%
Joan Jett
70.1%
Frank Zappa
70%
Jack White
68.7%
Angus Young
65.9%
Tom Petty
65.5%
Pete Townshend
64.3%
Eddie Van Halen
63.1%
Brian May
48.2%
Tom Morello
39.6%

You're not logged in!

Compare scores with friends on all Sporcle quizzes.
OR
Log In

You Might Also Like...

Show Comments

Extras

Top Quizzes Today


Score Distribution

Your Account Isn't Verified!

In order to create a playlist on Sporcle, you need to verify the email address you used during registration. Go to your Sporcle Settings to finish the process.

Report this User

Report this user for behavior that violates our Community Guidelines.

Details: